[Event "11, WM Moskau [i 40/687"]
[Site "11, WM Moskau [i 40/687"]
[Date "1985.??.??"]
[Round "?"]
[White "Kasparov, Gary"]
[Black "Karpov, Anatoly"]
[Result "1-0"]
[WhiteElo "2715"]
[BlackElo "2720"]
[PlyCount "55"]
[EventDate "1985.??.??"]
[Source "www.chesslib.no"]
[SourceDate "2004.05.04"]

1. d4 Nf6 2. c4 e6 3. Nc3 Bb4 4. Nf3 O-O 5. Bg5 c5 6. e3 cxd4 7. exd4 h6 8. Bh4 d5 9. Rc1 dxc4 10. Bxc4 Nc6 11. O-O Be7 12. Re1 b6 13. a3 Bb7 14. Bg3 Rc8 15. Ba2 Bd6 16. d5 Nxd5 17. Nxd5 Bxg3 18. hxg3 exd5 19. Bxd5 Qf6 20. Qa4 Rfd8 21. Rcd1 Rd7 22. Qg4 Rcd8 23. Qxd7 Rxd7 24. Re8+ Kh7 25. Be4+ g6 26. Rxd7 Ba6 27. Bxc6 Qxc6 28. Rxf7# 1-0

[Event "Amber-blind 3rd"]
[Site "Monte Carlo"]
[Date "1994.??.??"]
[Round "10"]
[White "Piket, Jeroen"]
[Black "Karpov, Anatoly"]
[Result "0-1"]
[WhiteElo "2605"]
[BlackElo "2740"]
[PlyCount "118"]
[EventDate "1994.03.??"]
[Source "ChessBase"]

1. d4 Nf6 2. c4 e6 3. Nf3 b6 4. Nc3 Bb4 5. Bg5 h6 6. Bh4 Bxc3+ 7. bxc3 Bb7 8. Nd2 g5 9. Bg3 d6 10. f3 Nc6 11. e4 Qe7 12. Be2 Nh5 13. Qa4 Qd7 14. O-O-O Ne7 15. Qc2 Bc6 16. Bf2 Nf4 17. Bf1 f5 18. g3 Ba4 19. Nb3 Nfg6 20. h4 gxh4 21. gxh4 h5 22. Be3 f4 23. Bf2 Qc8 24. Rg1 e5 25. Rg5 c5 26. dxc5 dxc5 27. Rd6 Kf7 28. Qd2 Kg7 29. Be1 Qc7 30. Bh3 Rad8 31. Rxd8 Rxd8 32. Qg2 Qd6 33. Kb2 Rh8 34. Bf5 Be8 35. Nd2 Bf7 36. Qf1 Kf8 37. Qe2 Rh6 38. Kc1 Be8 39. Nb3 Nh8 40. Bh3 Nf7 41. Rg1 Qd8 42. Bf2 Rd6 43. Kc2 Bd7 44. Bf1 Be6 45. Be1 Qd7 46. Qg2 Qa4 47. Kb2 Bxc4 48. Qg7+ Ke8 49. Bh3 Be6 50. Bxe6 Rxe6 51. Qh7 Rh6 52. Qg7 c4 53. Nd2 b5 54. Bf2 b4 55. Bc5 bxc3+ 56. Kxc3 Rc6 57. Bxe7 Kxe7 58. Rg5 Qa5+ 59. Kc2 c3 0-1

[Event "Hilversum (m/1)"]
[Site "?"]
[Date "1990.??.??"]
[Round "?"]
[White "Seirawan, Y."]
[Black "Timman, J."]
[Result "1/2-1/2"]
[WhiteElo "2635"]
[BlackElo "2660"]
[PlyCount "123"]
[EventDate "1990.??.??"]
[Source "ChessBase"]
[SourceDate "1990.07.01"]

1. d4 Nf6 2. c4 e6 3. Nf3 b6 4. Nc3 Bb4 5. Qb3 c5 6. a3 Ba5 7. e3 O-O 8. Be2 Ne4 9. d5 Bxc3+ 10. bxc3 Ba6 11. Bb2 Qe7 12. Rd1 Re8 13. Bd3 Nd6 14. Qc2 e5 15. Nd2 e4 16. Be2 Nf5 17. O-O d6 18. Nxe4 Qxe4 19. Bd3 Nxe3 20. fxe3 Qxe3+ 21. Rf2 g6 22. Bc1 Qe7 23. Rdf1 Nd7 24. Rxf7 Qxf7 25. Rxf7 Kxf7 26. Bf4 Ne5 27. Bxe5 dxe5 28. Be4 Bxc4 29. Qa4 b5 30. Qa5 a6 31. d6 Rad8 32. Qc7+ Kg8 33. d7 Rf8 34. h4 Be6 35. Qxe5 Kf7 36. Bc6 c4 37. Qd6 h5 38. Kh2 Rg8 39. Kg3 g5 40. hxg5 Rxg5+ 41. Kh2 Rf5 42. a4 bxa4 43. Bxa4 a5 44. Qd4 Ke7 45. Qe4 Rg8 46. Bc6 Kd6 47. Qd4+ Kxc6 48. d8=N+ Rxd8 49. Qxd8 Rc5 50. Kg3 Rf5 51. Kh4 Rc5 52. Qe7 Bd7 53. Kg3 Rd5 54. Kf4 Kb5 55. Qe4 Bc6 56. Qb1+ Kc5 57. Qa2 Kb5 58. Qb2+ Kc5 59. g3 Rd3 60. Qa3+ Kb6 61. Qb2+ Kc5 62. Qf2+ 1/2-1/2

[Event "Jakarta Gunadarma"]
[Site "Jakarta"]
[Date "1996.??.??"]
[Round "1"]
[White "Sokolov, Ivan"]
[Black "Adianto, Utut"]
[Result "1/2-1/2"]
[WhiteElo "2670"]
[BlackElo "2605"]
[PlyCount "93"]
[EventDate "1996.10.15"]
[Source "ChessBase"]

1. d4 Nf6 2. c4 e6 3. Nf3 b6 4. Nc3 Bb4 5. Qb3 Qe7 6. Bg5 Bb7 7. e3 Na6 8. Bd3 h6 9. Bh4 c5 10. a3 Ba5 11. O-O Bxf3 12. gxf3 Bxc3 13. Qxc3 Rc8 14. Rad1 cxd4 15. exd4 Nc7 16. Qb4 Qxb4 17. axb4 Na6 18. b5 Nb4 19. Be2 Nh5 20. Bg3 Ke7 21. Rd2 f5 22. f4 Nxg3 23. hxg3 a5 24. bxa6 Ra8 25. d5 exd5 26. cxd5 Nxa6 27. d6+ Kf6 28. Bf3 Rab8 29. Ra1 Nc5 30. Ra7 Rhd8 31. Re2 Ne6 32. Bd5 g5 33. Bxe6 dxe6 34. Rh7 Kg6 35. Re7 Rxd6 36. R2xe6+ Rxe6 37. Rxe6+ Kg7 38. fxg5 hxg5 39. b4 b5 40. Kg2 Kf7 41. Re5 Kf6 42. Rc5 g4 43. Rc6+ Ke5 44. Rc5+ Ke4 45. Kf1 Rb6 46. Ke2 Rb7 47. Kf1 1/2-1/2

[Event "NED-ch op 5'"]
[Site "?"]
[Date "2002.02.15"]
[Round "?"]
[White "Piket Jeroen"]
[Black "Speelman Jonathan S"]
[Result "1-0"]
[WhiteElo "2655"]
[BlackElo "2595"]
[PlyCount "97"]
[EventDate "2002.??.??"]
[Source "www.chesslib.no"]
[SourceDate "2004.05.04"]

1. d4 Nf6 2. Nf3 e6 3. c4 Bb4+ 4. Nc3 d6 5. Bg5 Nbd7 6. e3 h6 7. Bh4 g5 8. Bg3 Ne4 9. Qc2 f5 10. Bd3 Bxc3+ 11. bxc3 Ndf6 12. h4 g4 13. Nd2 Nxg3 14. fxg3 Qe7 15. e4 Bd7 16. O-O fxe4 17. Nxe4 Nxe4 18. Bxe4 O-O-O 19. Rab1 b6 20. Qe2 Rde8 21. c5 d5 22. Qa6+ Kd8 23. Bg6 Ref8 24. Rxf8+ Rxf8 25. Qxa7 Bc8 26. cxb6 cxb6 27. Qxb6+ Qc7 28. Qxc7+ Kxc7 29. h5 Ba6 30. a4 Bc4 31. a5 Ra8 32. Bf7 Rxa5 33. Bxe6 Ra2 34. Bxg4 Rc2 35. Bf3 Rxc3 36. g4 Rd3 37. Rd1 Re3 38. Kf2 Re6 39. Kg3 Kd6 40. g5 hxg5 41. Kg4 Re8 42. Kxg5 Rg8+ 43. Kf6 Bb3 44. Re1 Bc2 45. Re6+ Kd7 46. Bxd5 Rg3 47. Re7+ Kd6 48. Bf3 Bb1 49. Rg7 1-0

[Event "Bad Homburg"]
[Site "?"]
[Date "1997.??.??"]
[Round "?"]
[White "Alterman, B."]
[Black "Hracek, Z."]
[Result "1/2-1/2"]
[WhiteElo "2615"]
[BlackElo "2605"]
[PlyCount "44"]
[EventDate "1997.??.??"]
[Source "ChessBase"]
[SourceDate "1997.06.01"]

1. d4 Nf6 2. c4 e6 3. Nf3 b6 4. Nc3 Bb4 5. Qb3 Qe7 6. Bf4 d5 7. e3 O-O 8. a3 Bxc3+ 9. Qxc3 Ba6 10. Bg5 Rc8 11. cxd5 Bxf1 12. Rxf1 exd5 13. Rc1 Qe6 14. Bxf6 Qxf6 15. Ke2 c6 16. b4 Qd6 17. Rfd1 Nd7 18. Kf1 g6 19. h3 a5 20. Kg1 axb4 21. axb4 b5 22. Ne5 Ra6 1/2-1/2

[Event "Enschede (Netherlands)"]
[Site "?"]
[Date "2005.05.??"]
[Round "2"]
[White "Seirawan Yasser"]
[Black "Chuchelov Vladimir"]
[Result "1/2-1/2"]
[WhiteElo "2631"]
[BlackElo "2571"]
[PlyCount "167"]
[EventDate "2005.??.??"]
[Source "www.chesslib.no"]
[SourceDate "2004.05.04"]

1. d4 Nf6 2. c4 e6 3. Nf3 b6 4. Nc3 Bb4 5. Qb3 c5 6. a3 Ba5 7. Bg5 h6 8. Bd2 O-O 9. e3 d5 10. cxd5 exd5 11. Be2 Ba6 12. Bxa6 Nxa6 13. O-O Ne4 14. dxc5 Nxd2 15. Nxd2 bxc5 16. Rfd1 Bxc3 17. bxc3 c4 18. Qb5 Nc7 19. Qa5 Qc8 20. Nf3 Rd8 21. Rab1 Rb8 22. h3 Rd6 23. Nd4 Rdb6 24. Rb4 Qa6 25. Qxa6 Nxa6 26. Rxb6 Rxb6 27. Nf5 Nc7 28. Ne7+ Kf8 29. Nxd5 Rd6 30. e4 Nxd5 31. exd5 Ke7 32. Rd4 Ra6 33. Rxc4 Kd6 34. Rf4 f6 35. c4 Rxa3 36. Re4 Rc3 37. Re6+ Kd7 38. Rc6 a5 39. Kf1 a4 40. Ke2 a3 41. Ra6 Rxc4 42. Rxa3 Kd6 43. Ra7 Kxd5 44. Rxg7 Ke6 45. Rh7 Rh4 46. Kf3 Rh5 47. Kg3 Rg5+ 48. Kh2 Rf5 49. f3 h5 50. Kg3 Rg5+ 51. Kf2 Rf5 52. Rg7 h4 53. Rh7 Rf4 54. Ke3 Ra4 55. f4 Ra3+ 56. Kf2 Ra2+ 57. Kg1 Kf5 58. Rxh4 Ke4 59. Rg4 f5 60. Rg6 Kxf4 61. h4 Ke5 62. h5 Ra4 63. h6 Rh4 64. g3 Rh3 65. Kg2 Rh5 66. Ra6 Ke4 67. Rb6 Ke5 68. g4 Rh4 69. g5 Rg4+ 70. Kh3 Rxg5 71. Kh4 Rg1 72. Kh5 Rh1+ 73. Kg6 Rg1+ 74. Kf7 Rh1 75. Kg7 f4 76. h7 Rxh7+ 77. Kxh7 f3 78. Kg6 Kf4 79. Rf6+ Kg3 80. Kf5 f2 81. Ke4 Kg2 82. Rg6+ Kh1 83. Rf6 Kg2 84. Rxf2+ 1/2-1/2

[Event "Groningen"]
[Site "?"]
[Date "1994.??.??"]
[Round "?"]
[White "van Wely, L."]
[Black "Tiviakov, S."]
[Result "1-0"]
[WhiteElo "2560"]
[BlackElo "2640"]
[PlyCount "101"]
[EventDate "1994.??.??"]
[Source "ChessBase"]
[SourceDate "1994.10.01"]

1. d4 Nf6 2. c4 e6 3. Nf3 b6 4. Nc3 Bb4 5. Qb3 c5 6. Bg5 Nc6 7. d5 Na5 8. Qc2 h6 9. Bh4 d6 10. e4 e5 11. Nd2 Bd7 12. Ndb1 g5 13. Bg3 Nh5 14. a3 Bxc3+ 15. Nxc3 Qf6 16. O-O-O O-O-O 17. f3 Qg6 18. Bf2 Kb8 19. g3 f5 20. b4 Nb7 21. Bd3 fxe4 22. Nxe4 Qf7 23. bxc5 bxc5 24. Be1 Nf6 25. Bc3 Rhf8 26. g4 Qe8 27. Qb1 Nxe4 28. Bxe4 Ka8 29. Rd2 Rb8 30. Rb2 Ba4 31. h4 h5 32. hxg5 hxg4 33. fxg4 Rf4 34. Qd3 Rxg4 35. g6 Qd8 36. Bd2 Be8 37. Qf3 Qd7 38. Rh7 Rg1+ 39. Be1 Qa4 40. Kd2 Qa5+ 41. Qc3 Qxc3+ 42. Kxc3 Rxe1 43. g7 Bf7 44. Rf2 Bg8 45. Rh8 Na5 46. Rf8 Re3+ 47. Kc2 Rxe4 48. Rhxg8 Rxc4+ 49. Kd1 Rd4+ 50. Ke2 Re4+ 51. Kf3 1-0

[Event "It (open)"]
[Site "?"]
[Date "2005.07.22"]
[Round "5"]
[White "Bocharov Dmitry"]
[Black "Alekseev Evgeny"]
[Result "1/2-1/2"]
[WhiteElo "2574"]
[BlackElo "2625"]
[PlyCount "140"]
[EventDate "2005.??.??"]
[Source "www.chesslib.no"]
[SourceDate "2004.05.04"]

1. d4 Nf6 2. c4 e6 3. Nf3 b6 4. Nc3 Bb4 5. Qb3 c5 6. Bg5 h6 7. Bh4 g5 8. Bg3 Ne4 9. e3 Bxc3+ 10. bxc3 Nxg3 11. hxg3 Nc6 12. Bd3 Qe7 13. Be4 Bb7 14. Bxc6 dxc6 15. a4 cxd4 16. cxd4 c5 17. a5 O-O 18. Rxh6 Kg7 19. Rh5 Rh8 20. Rxh8 Rxh8 21. Ke2 cxd4 22. exd4 Qf6 23. Qe3 Ba6 24. axb6 Bxc4+ 25. Kd2 axb6 26. Ra7 Bd5 27. Ne5 Rf8 28. f3 b5 29. Kc3 b4+ 30. Kb2 b3 31. Rc7 Kg8 32. Nd7 Qe7 33. Qe5 f6 34. Nxf8 Qxf8 35. Qe1 Qd6 36. Rc8+ Kg7 37. g4 Qa6 38. Rc7+ Kg8 39. Qc3 Qe2+ 40. Ka3 Qa6+ 41. Kb2 Qe2+ 42. Kb1 Qf1+ 43. Qc1 Qd3+ 44. Kb2 Qxd4+ 45. Qc3 Qxc3+ 46. Kxc3 Kf8 47. Kd4 Ke8 48. Kd3 Kf8 49. Ke3 Ke8 50. g3 Kd8 51. Rc5 Kd7 52. f4 Kd6 53. Rb5 Kc6 54. Rb8 Kc7 55. Rb4 Kd6 56. Kd3 Kc5 57. Kc3 Kd6 58. Rb8 Ke7 59. Kd4 gxf4 60. gxf4 Bf3 61. g5 fxg5 62. fxg5 Bd5 63. Ke5 Kf7 64. Kf4 Kg6 65. Kg4 Bc4 66. Kh4 Kg7 67. Rb7+ Kg6 68. Rb4 Bd5 69. Rf4 Bc6 70. Rb4 Bd5 1/2-1/2

[Event "Open"]
[Site "Geneve"]
[Date "2004.01.31"]
[Round "7"]
[White "Moiseenko, Alexander"]
[Black "Riazantsev, Alexander"]
[Result "1-0"]
[WhiteElo "2618"]
[BlackElo "2572"]
[PlyCount "113"]
[EventDate "2004.??.??"]
[Source "Roberto Alvarez"]
[SourceDate "2004.02.23"]

1. d4 e6 2. c4 Nf6 3. Nc3 Bb4 4. Nf3 O-O 5. Bg5 c5 6. Rc1 cxd4 7. Nxd4 Nc6 8. e3 h6 9. Bh4 Bxc3+ 10. Rxc3 g5 11. Bg3 Ne4 12. Ra3 Qf6 13. Bd3 Nxg3 14. hxg3 b6 15. Nb5 Bb7 16. Nd6 Rab8 17. Qh5 Ne5 18. f4 Nxd3+ 19. Rxd3 Bxg2 20. Qxh6 Qxh6 21. Rxh6 g4 22. Rh5 Kg7 23. Rd2 Bf3 24. Rdh2 Kf6 25. e4 Ke7 26. e5 f5 27. Rh7+ Kd8 28. Rg7 a5 29. Rhh7 Bc6 30. Kd2 Kc7 31. a3 Rh8 32. b4 axb4 33. axb4 Rxh7 34. Rxh7 Ra8 35. b5 Bg2 36. Ke3 Ra3+ 37. Kf2 Ra2+ 38. Ke3 Ra3+ 39. Kf2 Ra2+ 40. Ke1 Ra1+ 41. Kd2 Ra2+ 42. Kc3 Ra3+ 43. Kb4 Rxg3 44. Ne8+ Kd8 45. Rh8 d5 46. Nf6+ Ke7 47. Rh7+ Kf8 48. c5 bxc5+ 49. Kxc5 Rb3 50. Kd6 Rxb5 51. Kxe6 Rb6+ 52. Kxf5 g3 53. Kg6 Be4+ 54. f5 Bxf5+ 55. Kxf5 g2 56. e6 Rxe6 57. Kxe6 1-0

[Event "Israel 72/474"]
[Site "?"]
[Date "1998.??.??"]
[Round "?"]
[White "Alterman, Boris"]
[Black "Psakhis, Lev"]
[Result "1-0"]
[WhiteElo "2615"]
[BlackElo "2565"]
[PlyCount "86"]
[EventDate "1998.??.??"]
[Source "ChessBase"]
[SourceDate "1998.02.01"]

1. d4 Nf6 2. c4 e6 3. Nc3 Bb4 4. Nf3 Bxc3+ 5. bxc3 d6 6. g3 b6 7. Bg2 Bb7 8. O-O O-O 9. a4 h6 10. Re1 Nbd7 11. a5 bxa5 12. Bf4 Be4 13. Rxa5 c5 14. Qa1 Qc7 15. Rd1 Rfd8 16. h3 Nh5 17. Be3 Nb6 18. Nd2 Bxg2 19. Kxg2 Nf6 20. dxc5 dxc5 21. Rxc5 Qb7+ 22. Kg1 Rd7 23. Bd4 Ne4 24. Nxe4 Qxe4 25. Qa2 Rad8 26. Rd3 Qb7 27. Ra5 Qc6 28. Rc5 Qb7 29. Qb3 Qa6 30. Rb5 Nc8 31. Rb8 Ne7 32. Bxa7 Rxd3 33. exd3 Rxb8 34. Bxb8 Nf5 35. Bf4 Qa1+ 36. Kh2 Qf1 37. Qc2 g5 38. Be5 Qe1 39. Bc7 e5 40. Bb6 Ne7 41. Be3 f5 42. Qa4 Kf7 43. Qd7 Kf6 1-0

[Event "PCA/Intel-GP"]
[Site "London"]
[Date "1995.??.??"]
[Round "1"]
[White "Van Wely, Loek"]
[Black "Lobron, Eric"]
[Result "1/2-1/2"]
[WhiteElo "2585"]
[BlackElo "2595"]
[PlyCount "83"]
[EventDate "1995.08.??"]
[Source "ChessBase"]

1. d4 Nf6 2. c4 e6 3. Nf3 b6 4. Nc3 Bb4 5. Qb3 Qe7 6. a3 Bxc3+ 7. Qxc3 Bb7 8. e3 O-O 9. Be2 d6 10. O-O Nbd7 11. b4 Ne4 12. Qd3 f5 13. Nd2 Qh4 14. f3 Ng5 15. d5 Rf6 16. f4 Rh6 17. fxg5 Qxh2+ 18. Kf2 Qh4+ 19. g3 Qh2+ 20. Ke1 Qxg3+ 21. Kd1 Rh2 22. Nf3 Ne5 23. Nxe5 dxe5 24. e4 Qh4 25. exf5 exd5 26. f6 Rd8 27. Bd2 gxf6 28. gxf6 Kf7 29. Qe3 dxc4 30. Qxe5 Rd7 31. Rf4 Rxe2 32. Rxh4 Rxe5 33. Rxh7+ Ke6 34. Rxd7 Kxd7 35. Bc3 Rf5 36. Kd2 Bd5 37. Re1 Rf2+ 38. Re2 Rxe2+ 39. Kxe2 Kc6 40. Kd2 Kb5 41. Kc1 Ka4 42. Kb2 1/2-1/2

[Event "Cappelle op"]
[Site "Cappelle la Grande"]
[Date "1997.??.??"]
[Round "5"]
[White "Georgiev, Kiril"]
[Black "Brodsky, Michail"]
[Result "1/2-1/2"]
[WhiteElo "2645"]
[BlackElo "2515"]
[PlyCount "124"]
[EventDate "1997.02.15"]
[Source "ChessBase"]

1. d4 Nf6 2. Nf3 e6 3. c4 b6 4. Nc3 Bb4 5. Qc2 Bb7 6. a3 Bxc3+ 7. Qxc3 d6 8. g3 Nbd7 9. Bg2 a5 10. b3 O-O 11. O-O Qe7 12. Bb2 c5 13. Rfd1 d5 14. dxc5 Nxc5 15. Ne5 Nfe4 16. Qe3 f6 17. cxd5 exd5 18. Nf3 Rfe8 19. Nd4 Qd7 20. Qf4 Ng5 21. Rac1 Rad8 22. b4 axb4 23. axb4 Nge6 24. Qf3 Ne4 25. h4 Nd6 26. Qb3 Nc7 27. e3 Kh8 28. Kh2 Nc4 29. b5 Ra8 30. Qb4 Nxb2 31. Qxb2 Qf7 32. Bh3 Red8 33. Rc2 Ne8 34. Rdc1 Nd6 35. Rc7 Qg6 36. Ne6 Rg8 37. Rd7 Nc4 38. Qe2 Rab8 39. Nf4 Qe8 40. Be6 Bc8 41. Rxd5 Bxe6 42. Nxe6 Qxe6 43. Qxc4 Rbc8 44. Rc5 Rxc5 45. Qxe6 Rxc1 46. Qxb6 Rc2 47. Kg2 Rb2 48. Qb7 h6 49. b6 Re8 50. e4 Re5 51. g4 Reb5 52. Qc8+ Kh7 53. Kg3 R5b3+ 54. f3 Rxb6 55. Qf5+ Kg8 56. Qc8+ Kf7 57. Qc4+ Kf8 58. Qc8+ Kf7 59. Qc4+ Kf8 60. e5 fxe5 61. Qc5+ Kg8 62. Qxe5 R2b5 1/2-1/2